|
|
|
|
| LEADER |
01760nam a2200397 i 4500 |
| 001 |
EBC4748428 |
| 003 |
MiAaPQ |
| 005 |
20200520144314.0 |
| 006 |
m o d | |
| 007 |
cr cnu|||||||| |
| 008 |
161215t20162016qucao o 000 0 fre d |
| 020 |
|
|
|z 9780773548282
|
| 020 |
|
|
|a 9780773599956 (e-book)
|
| 035 |
|
|
|a (MiAaPQ)EBC4748428
|
| 035 |
|
|
|a (Au-PeEL)EBL4748428
|
| 035 |
|
|
|a (CaPaEBR)ebr11308229
|
| 035 |
|
|
|a (CaONFJC)MIL972521
|
| 035 |
|
|
|a (OCoLC)964526608
|
| 040 |
|
|
|a MiAaPQ
|b eng
|e rda
|e pn
|c MiAaPQ
|d MiAaPQ
|
| 050 |
|
4 |
|a HG2710.M8
|b .M877 2016
|
| 082 |
0 |
|
|a 332.1098
|2 23
|
| 100 |
1 |
|
|a Mussio, Laurence B.,
|e author.
|
| 245 |
1 |
3 |
|a Un destin plus grand que soi :
|b L'histoire de la banque de montreal de 1817 a 2017 /
|c Laurence B. Mussio.
|
| 264 |
|
1 |
|a Montreal, [Quebec Province] :
|b McGill-Queen's University Press,
|c 2016.
|
| 264 |
|
4 |
|c 2016
|
| 300 |
|
|
|a 1 online resource (273 pages) :
|b color illustrations, photographs
|
| 336 |
|
|
|a text
|2 rdacontent
|
| 337 |
|
|
|a computer
|2 rdamedia
|
| 338 |
|
|
|a online resource
|2 rdacarrier
|
| 588 |
|
|
|a Description based on online resource; title from PDF title page (ebrary, viewed December 15, 2016).
|
| 590 |
|
|
|a Electronic reproduction. Ann Arbor, MI : ProQuest, 2016. Available via World Wide Web. Access may be limited to ProQuest affiliated libraries.
|
| 610 |
2 |
0 |
|a Bank of Montreal.
|
| 655 |
|
4 |
|a Electronic books.
|
| 776 |
0 |
8 |
|i Print version:
|a Mussio, Laurence B.
|t Destin plus grand que soi : L'histoire de la banque de montreal de 1817 a 2017.
|d Montreal, [Quebec Province] : McGill-Queen's University Press, c2016
|h vi, 257 pages
|z 9780773548282
|
| 797 |
2 |
|
|a ProQuest (Firm)
|
| 856 |
4 |
0 |
|u https://ebookcentral.proquest.com/lib/matrademy/detail.action?docID=4748428
|z Click to View
|